<?xml version="1.0" encoding="UTF-8"?>
<record
    xmlns:xsi="http://www.w3.org/2001/XMLSchema-instance"
    xsi:schemaLocation="http://www.loc.gov/MARC21/slim http://www.loc.gov/standards/marcxml/schema/MARC21slim.xsd"
    xmlns="http://www.loc.gov/MARC21/slim">

  <leader>01292    a2200385   4500</leader>
  <controlfield tag="003">OSt</controlfield>
  <controlfield tag="005">20260430134952.0</controlfield>
  <controlfield tag="008">260422b        |||||||| |||| 00| 0 eng d</controlfield>
  <datafield tag="020" ind1=" " ind2=" ">
    <subfield code="a">9788198435330 (hbk)</subfield>
  </datafield>
  <datafield tag="020" ind1=" " ind2=" ">
    <subfield code="a">9788198435378 (hbk)</subfield>
  </datafield>
  <datafield tag="037" ind1=" " ind2=" ">
    <subfield code="c">REF</subfield>
  </datafield>
  <datafield tag="040" ind1=" " ind2=" ">
    <subfield code="a">CRL</subfield>
    <subfield code="c">CRL</subfield>
  </datafield>
  <datafield tag="041" ind1=" " ind2=" ">
    <subfield code="2">eng </subfield>
    <subfield code="a">eng </subfield>
  </datafield>
  <datafield tag="084" ind1=" " ind2=" ">
    <subfield code="a">X:95 R5 (RR)</subfield>
    <subfield code="q">CRL</subfield>
  </datafield>
  <datafield tag="084" ind1=" " ind2=" ">
    <subfield code="a">X:95 R5 (RR)</subfield>
    <subfield code="q">CRL</subfield>
  </datafield>
  <datafield tag="100" ind1=" " ind2=" ">
    <subfield code="a">Muthuswami</subfield>
    <subfield code="9">1235387</subfield>
  </datafield>
  <datafield tag="245" ind1=" " ind2=" ">
    <subfield code="a">Swamy's manual </subfield>
  </datafield>
  <datafield tag="246" ind1=" " ind2=" ">
    <subfield code="a">Complete manual on establishment and admnistration</subfield>
  </datafield>
  <datafield tag="246" ind1=" " ind2=" ">
    <subfield code="a">Manual on disciplinary proceedings</subfield>
  </datafield>
  <datafield tag="250" ind1=" " ind2=" ">
    <subfield code="a">18th Ed. (2025)</subfield>
  </datafield>
  <datafield tag="250" ind1=" " ind2=" ">
    <subfield code="a">15th Ed. (2025)</subfield>
  </datafield>
  <datafield tag="260" ind1=" " ind2=" ">
    <subfield code="a">Chennai, India:</subfield>
    <subfield code="b">Swamy Publishers,</subfield>
    <subfield code="c">2025.</subfield>
  </datafield>
  <datafield tag="300" ind1=" " ind2=" ">
    <subfield code="a">viii, 1399p.</subfield>
  </datafield>
  <datafield tag="300" ind1=" " ind2=" ">
    <subfield code="a">xli, 1110p.</subfield>
  </datafield>
  <datafield tag="365" ind1=" " ind2=" ">
    <subfield code="b">1850.00</subfield>
    <subfield code="c">INR </subfield>
  </datafield>
  <datafield tag="365" ind1=" " ind2=" ">
    <subfield code="b">1400.00</subfield>
    <subfield code="c">INR</subfield>
  </datafield>
  <datafield tag="490" ind1=" " ind2=" ">
    <subfield code="a">Swamy's Compilation </subfield>
    <subfield code="a">Swamy's Manual </subfield>
    <subfield code="a">Swamy's Handbook</subfield>
  </datafield>
  <datafield tag="650" ind1=" " ind2="0">
    <subfield code="a"> Economics</subfield>
    <subfield code="9">351406</subfield>
  </datafield>
  <datafield tag="650" ind1=" " ind2="0">
    <subfield code="a">Employment and service</subfield>
    <subfield code="9">236902</subfield>
  </datafield>
  <datafield tag="700" ind1=" " ind2=" ">
    <subfield code="a">Brinda</subfield>
    <subfield code="e">author.</subfield>
    <subfield code="9">1235303</subfield>
  </datafield>
  <datafield tag="700" ind1=" " ind2=" ">
    <subfield code="a">Sanjeev </subfield>
    <subfield code="e">author. </subfield>
  </datafield>
  <datafield tag="942" ind1=" " ind2=" ">
    <subfield code="c">REF</subfield>
    <subfield code="2">CC</subfield>
    <subfield code="h">X:95 R5 (RR)</subfield>
  </datafield>
  <datafield tag="999" ind1=" " ind2=" ">
    <subfield code="c">1679784</subfield>
    <subfield code="d">1679784</subfield>
  </datafield>
  <datafield tag="952" ind1=" " ind2=" ">
    <subfield code="0">0</subfield>
    <subfield code="1">0</subfield>
    <subfield code="2">CC</subfield>
    <subfield code="4">0</subfield>
    <subfield code="7">0</subfield>
    <subfield code="a">CRL</subfield>
    <subfield code="b">CRL</subfield>
    <subfield code="c">STAFF</subfield>
    <subfield code="d">2026-02-18</subfield>
    <subfield code="e">4/ Classic Book Service</subfield>
    <subfield code="g">1665.00</subfield>
    <subfield code="h">Complete manual on establishment and admnistration</subfield>
    <subfield code="i">287 &amp; 2026-02-18</subfield>
    <subfield code="l">0</subfield>
    <subfield code="o">X:95 R5</subfield>
    <subfield code="p">CL1926572</subfield>
    <subfield code="r">2026-02-18 00:00:00</subfield>
    <subfield code="v">1850.00</subfield>
    <subfield code="w">2026-02-18</subfield>
    <subfield code="y">REF</subfield>
  </datafield>
  <datafield tag="952" ind1=" " ind2=" ">
    <subfield code="0">0</subfield>
    <subfield code="1">0</subfield>
    <subfield code="2">CC</subfield>
    <subfield code="4">0</subfield>
    <subfield code="7">0</subfield>
    <subfield code="a">CRL</subfield>
    <subfield code="b">CRL</subfield>
    <subfield code="c">STAFF</subfield>
    <subfield code="d">2026-02-18</subfield>
    <subfield code="e">4/ Classic Book Service</subfield>
    <subfield code="g">1260.00</subfield>
    <subfield code="h">Manual on disciplinary proceedings</subfield>
    <subfield code="i">287 &amp; 2026-02-18</subfield>
    <subfield code="l">0</subfield>
    <subfield code="o">X:95 R5 </subfield>
    <subfield code="p">CL1926573</subfield>
    <subfield code="r">2026-02-18 00:00:00</subfield>
    <subfield code="v">1400.00</subfield>
    <subfield code="w">2026-02-18</subfield>
    <subfield code="y">REF</subfield>
  </datafield>
</record>
